[Event "Titled Tuesday intern op 1st Aug"]
[Site "Chess.com INT"]
[Date "2017.08.01"]
[Round "1"]
[White "Olafsson, Helgi"]
[Black "Sebban, Jean Paul"]
[Result "1-0"]
[WhiteElo "2512"]
[BlackElo "2201"]
[PlyCount "55"]
[EventDate "2017.08.01"]
[EventType "swiss (blitz)"]
[EventRounds "10"]
[EventCountry "USA"]
[SourceTitle "EXT 2021"]
[Source "ChessBase"]
[SourceDate "2020.10.23"]
[SourceVersion "1"]
[SourceVersionDate "2020.10.23"]
[SourceQuality "1"]

1. d4 Nf6 2. Nf3 g6 3. Bg5 Bg7 4. Nbd2 d5 5. e3 Bf5 6. c4 c6 7. Qb3 Qb6 8. c5 Qxb3 9. axb3 Nbd7 10. b4 0-0 11. b5 Rfe8 12. b4 Ne4 13. Bf4 Nxd2 14. Kxd2 Be4 15. bxc6 bxc6 16. Ba6 Bxf3 17. gxf3 e5 18. dxe5 Nxe5 19. Bxe5 Bxe5 20. Ra4 Rab8 21. f4 Bf6 22. Rc1 d4 23. b5 dxe3+ 24. fxe3 cxb5 25. Rb4 Kf8 26. c6 Re7 27. c7 Rd7+ 28. Ke2 1-0

[Event "Titled Tuesday intern op 1st Aug"]
[Site "Chess.com INT"]
[Date "2017.08.01"]
[Round "5"]
[White "Sebban, Jean Paul"]
[Black "Astaneh Lopez, Alex"]
[Result "0-1"]
[WhiteElo "2201"]
[BlackElo "2431"]
[PlyCount "72"]
[EventDate "2017.08.01"]
[EventType "swiss (blitz)"]
[EventRounds "10"]
[EventCountry "USA"]
[SourceTitle "EXT 2021"]
[Source "ChessBase"]
[SourceDate "2020.10.23"]
[SourceVersion "1"]
[SourceVersionDate "2020.10.23"]
[SourceQuality "1"]

1. d4 Nf6 2. c4 g6 3. Nc3 Bg7 4. e4 d6 5. f3 0-0 6. Bg5 c5 7. d5 h6 8. Be3 e6 9. Qd2 exd5 10. cxd5 Re8 11. Nge2 a6 12. a4 h5 13. Bg5 Nbd7 14. Ng3 Qa5 15. Be2 Nh7 16. Be3 h4 17. Nf1 b5 18. Qc2 f5 19. Nd2 h3 20. 0-0 hxg2 21. Kxg2 b4 22. Nd1 Ne5 23. f4 Ng4 24. Bxg4 fxg4 25. e5 Bf5 26. Qb3 Qd8 27. e6 Qh4 28. Nf2 Nf6 29. Rae1 Nh5 30. Nfe4 Qh3+ 31. Kg1 g3 32. hxg3 Nxg3 33. Nxg3 Qxg3+ 34. Kh1 Bc3 35. bxc3 Kg7 36. Rf2 Rh8+ 0-1

[Event "FRA-chT3 Gr01 0607"]
[Site "France"]
[Date "2006.11.26"]
[Round "3.3"]
[White "Sebban, Jean Paul"]
[Black "Gertosio, Franck"]
[Result "1-0"]
[WhiteElo "2191"]
[BlackElo "1928"]
[PlyCount "67"]
[EventDate "2006.10.15"]
[EventType "team-tourn"]
[EventRounds "9"]
[EventCountry "FRA"]
[SourceTitle "EXT 2008"]
[Source "ChessBase"]
[SourceDate "2007.11.25"]
[SourceVersion "1"]
[SourceVersionDate "2007.11.25"]
[SourceQuality "1"]

1. d4 Nf6 2. c4 c5 3. d5 e6 4. Nc3 exd5 5. cxd5 d6 6. e4 g6 7. Bd3 Bg7 8. Nge2 0-0 9. h3 Re8 10. 0-0 c4 11. Bc2 b5 12. a3 a5 13. Re1 Ba6 14. Nd4 b4 15. Ncb5 Qb6 16. a4 Nbd7 17. Bf4 b3 18. Bb1 Bxb5 19. Nxb5 Nh5 20. Be3 Nc5 21. Bd4 Nf6 22. Nc3 Qc7 23. f4 Qe7 24. Bxc5 dxc5 25. d6 Qd7 26. e5 Nh5 27. Be4 Rac8 28. Qf3 f6 29. g4 fxe5 30. gxh5 exf4 31. Bd5+ Kh8 32. Rxe8+ Rxe8 33. Bc6 Bd4+ 34. Kg2 1-0

[Event "Internet Section 08B g/8'+2\""]
[Site "Dos Hermanas"]
[Date "2004.03.08"]
[Round "3"]
[White "Navinsek, Thomaz"]
[Black "Sebban, Jean Paul"]
[Result "0-1"]
[WhiteElo "2329"]
[BlackElo "2183"]
[PlyCount "52"]
[EventDate "2004.03.08"]
[EventType "swiss (blitz)"]
[EventRounds "9"]
[EventCountry "ESP"]
[SourceTitle "CBM 099 Extra"]
[Source "ChessBase"]
[SourceDate "2004.05.04"]
[SourceVersion "1"]
[SourceVersionDate "2004.05.04"]
[SourceQuality "1"]

1. d4 Nf6 2. Nc3 d5 3. Bg5 Nbd7 4. e3 c6 5. f4 Qa5 6. Bd3 e6 7. a3 h6 8. Bxf6 Nxf6 9. Nf3 Bd6 10. 0-0 0-0 11. Qe1 Qc7 12. Qh4 Bd7 13. Ne2 c5 14. c3 Ne4 15. Ng3 f5 16. Bxe4 dxe4 17. Ne5 Bxe5 18. dxe5 Bb5 19. Rf2 Rad8 20. Nh5 Rd3 21. Re1 Rfd8 22. g4 Rd1 23. Rg2 Qf7 24. Rxd1 Rxd1+ 25. Kf2 Rf1+ 26. Kg3 Rf3# 0-1

[Event "Internet Section 08A g/8'+2\""]
[Site "Dos Hermanas"]
[Date "2004.03.08"]
[Round "3"]
[White "Sebban, Jean Paul"]
[Black "Babaev, Rashad"]
[Result "1-0"]
[WhiteElo "2183"]
[BlackElo "2383"]
[PlyCount "59"]
[EventDate "2004.03.08"]
[EventType "swiss (blitz)"]
[EventRounds "9"]
[EventCountry "ESP"]
[SourceTitle "CBM 099 Extra"]
[Source "ChessBase"]
[SourceDate "2004.05.04"]
[SourceVersion "1"]
[SourceVersionDate "2004.05.04"]
[SourceQuality "1"]

1. d4 Nf6 2. c4 g6 3. Nc3 Bg7 4. e4 d6 5. f3 0-0 6. Bg5 Nc6 7. Nge2 a6 8. Qd2 Rb8 9. Rc1 Bd7 10. b3 b5 11. cxb5 axb5 12. d5 Na5 13. Nd4 Qe8 14. b4 Nc4 15. Bxc4 bxc4 16. b5 Ra8 17. a4 Qb8 18. Be3 e6 19. 0-0 exd5 20. exd5 Re8 21. Bf2 Qb7 22. Nc6 Bf5 23. a5 Bd3 24. Rfe1 Kf8 25. Rxe8+ Rxe8 26. Re1 Rxe1+ 27. Qxe1 Kg8 28. Qe7 h5 29. Qd8+ Kh7 30. a6 1-0

[Event "Internet Section 07A g/8'+2\""]
[Site "Dos Hermanas"]
[Date "2004.03.07"]
[Round "3"]
[White "Sebban, Jean Paul"]
[Black "Belezky, Alexander"]
[Result "0-1"]
[WhiteElo "2183"]
[BlackElo "2408"]
[PlyCount "50"]
[EventDate "2004.03.07"]
[EventType "swiss (blitz)"]
[EventRounds "9"]
[EventCountry "ESP"]
[SourceTitle "CBM 099 Extra"]
[Source "ChessBase"]
[SourceDate "2004.05.04"]
[SourceVersion "1"]
[SourceVersionDate "2004.05.04"]
[SourceQuality "1"]

1. d4 Nf6 2. c4 e5 3. dxe5 Ng4 4. Nf3 Bc5 5. e3 Nc6 6. Nc3 a5 7. Be2 Ncxe5 8. Nxe5 Nxe5 9. 0-0 Ra6 10. f4 Ng6 11. Bd3 0-0 12. Qh5 Ba7 13. Nd5 Re8 14. f5 Re5 15. b3 c6 16. Bb2 cxd5 17. Qg4 Rxe3 18. Kh1 Rxd3 19. Rae1 Re3 20. Rxe3 Bxe3 21. Re1 d4 22. fxg6 Rxg6 23. Qe4 h6 24. h4 d5 25. cxd5 Rg4 0-1

[Event "Internet Section 06A g/8'+2\""]
[Site "Dos Hermanas"]
[Date "2004.03.06"]
[Round "4"]
[White "Sebban, Jean Paul"]
[Black "Anttila, Perttu"]
[Result "1-0"]
[WhiteElo "2183"]
[BlackElo "2021"]
[PlyCount "183"]
[EventDate "2004.03.06"]
[EventType "swiss (blitz)"]
[EventRounds "9"]
[EventCountry "ESP"]
[SourceTitle "CBM 099 Extra"]
[Source "ChessBase"]
[SourceDate "2004.05.04"]
[SourceVersion "1"]
[SourceVersionDate "2004.05.04"]
[SourceQuality "1"]

1. d4 Nf6 2. c4 g6 3. Nc3 d5 4. Bf4 Bg7 5. e3 c6 6. Rc1 0-0 7. Nf3 a6 8. cxd5 cxd5 9. Qb3 Nc6 10. Na4 Na5 11. Qb6 Nc6 12. Bc7 Qe8 13. Qb3 b5 14. Nb6 Ra7 15. Bg3 Na5 16. Qc3 Nc4 17. Nxc8 Qxc8 18. b3 Nb6 19. Qb2 Qe6 20. Bd3 Ne4 21. Bc7 Nd7 22. 0-0 Ndf6 23. h3 Rc8 24. Bh2 Raa8 25. Ne5 Nd7 26. Nxd7 Qxd7 27. f3 Ng5 28. Qf2 Rxc1 29. Rxc1 Rc8 30. Rc2 Rc6 31. h4 Ne6 32. h5 Qc8 33. hxg6 hxg6 34. Rxc6 Qxc6 35. Qc2 Nd8 36. Bc7 Qxc2 37. Bxc2 Nc6 38. a3 Kf8 39. Kf2 Ke8 40. Ke2 Kd7 41. Bg3 e5 42. dxe5 Nxe5 43. Be1 Nc6 44. a4 b4 45. Bd3 a5 46. Bb5 Kd6 47. Bg3+ Kc5 48. Bxc6 Kxc6 49. Kd3 Bc3 50. Bh4 f5 51. Bd8 Kc5 52. Bxa5 g5 53. Bd8 g4 54. Be7+ Kc6 55. fxg4 fxg4 56. e4 Be1 57. Kd4 Bc3+ 58. Kd3 Be1 59. Bf8 Bc3 60. Ke3 Be1 61. Bg7 Kd6 62. Kf4 g3 63. e5+ Ke6 64. a5 Bf2 65. Bf8 d4 66. Bxb4 d3 67. Bd2 Bd4 68. Kxg3 Kxe5 69. Kf3 Kd5 70. g4 Kc6 71. Be3 Bg7 72. Ke4 Kb5 73. Kxd3 Kxa5 74. Bd4 Bf8 75. Kc4 Ka6 76. g5 Kb7 77. g6 Kc6 78. g7 Bxg7 79. Bxg7 Kb7 80. Kb5 Ka8 81. Kb6 Kb8 82. Kc6 Ka8 83. b4 Kb8 84. b5 Ka8 85. b6 Kb8 86. b7 Ka7 87. Kc7 Ka6 88. b8Q Ka5 89. Kc6 Ka4 90. Kc5 Ka3 91. Qb2+ Ka4 92. Qb4# 1-0

[Event "Internet Section 06A g/8'+2\""]
[Site "Dos Hermanas"]
[Date "2004.03.06"]
[Round "3"]
[White "Valner, Uku"]
[Black "Sebban, Jean Paul"]
[Result "0-1"]
[WhiteElo "1904"]
[BlackElo "2183"]
[PlyCount "116"]
[EventDate "2004.03.06"]
[EventType "swiss (blitz)"]
[EventRounds "9"]
[EventCountry "ESP"]
[SourceTitle "CBM 099 Extra"]
[Source "ChessBase"]
[SourceDate "2004.05.04"]
[SourceVersion "1"]
[SourceVersionDate "2004.05.04"]
[SourceQuality "1"]

1. e4 c5 2. Nc3 a6 3. g3 b5 4. Bg2 Bb7 5. f4 Nf6 6. d3 e6 7. Nf3 b4 8. Ne2 d5 9. e5 Nfd7 10. 0-0 Nc6 11. c3 Qb6 12. Kh1 a5 13. d4 Ba6 14. Re1 Bxe2 15. Rxe2 g6 16. Be3 c4 17. h3 h5 18. Kg1 Ne7 19. Rc1 b3 20. axb3 Qxb3 21. Qxb3 cxb3 22. Ra1 Nb6 23. Nd2 a4 24. Bf2 Rc8 25. Ree1 Nc6 26. Re2 Na5 27. Bf1 Bh6 28. Be3 Nac4 29. Nxc4 dxc4 30. Kf2 Ra8 31. Rd2 0-0 32. Bg2 Nd5 33. Bxd5 exd5 34. Ra3 Ra6 35. Rd1 Rfa8 36. Rda1 Bf8 37. Kf3 Bxa3 38. Rxa3 Kf8 39. Bf2 Ke7 40. Be3 Kd7 41. Bf2 Kc6 42. Be3 Kb5 43. Bf2 Rd8 44. Be3 f6 45. Bf2 fxe5 46. dxe5 d4 47. Bxd4 Rxd4 48. cxd4 c3 49. Ra1 cxb2 50. Rb1 a3 51. d5 a2 52. Rxb2 a1Q 53. Rxb3+ Kc4 54. d6 Kxb3 55. d7 Qc3+ 56. Ke4 Qc6+ 57. Kd4 Ra4+ 58. Ke3 Qxd7 0-1

[Event "Marseille op 4th"]
[Site "Marseille"]
[Date "2003.06.29"]
[Round "2"]
[White "Sebban, Jean Paul"]
[Black "Petrosian, Suren"]
[Result "0-1"]
[WhiteElo "2175"]
[BlackElo "2424"]
[PlyCount "52"]
[EventDate "2003.06.28"]
[EventType "swiss"]
[EventRounds "9"]
[EventCountry "FRA"]
[SourceTitle "EXT 2004"]
[Source "ChessBase"]
[SourceDate "2003.11.25"]
[SourceVersion "1"]
[SourceVersionDate "2003.11.25"]
[SourceQuality "1"]

1. d4 Nf6 2. c4 c5 3. d5 b5 4. cxb5 a6 5. f3 axb5 6. e4 Qa5+ 7. Nc3 b4 8. Nb5 d6 9. a4 g6 10. b3 Bg7 11. Bb2 0-0 12. Bc4 Nbd7 13. Qe2 Ne5 14. f4 Nxc4 15. bxc4 Nh5 16. Bxg7 Kxg7 17. Qb2+ Kg8 18. Ne2 b3+ 19. Kf2 Qb4 20. Rhc1 Bg4 21. g3 Rxa4 22. Rxa4 Qxa4 23. Rc3 Nf6 24. Qb1 b2 25. Qd3 Nxe4+ 26. Qxe4 Bf5 0-1

[Event "Cannes Carlton op"]
[Site "Cannes"]
[Date "2001.07.29"]
[Round "2"]
[White "Sebban, Jean Paul"]
[Black "Mrdja, Milan"]
[Result "0-1"]
[WhiteElo "2198"]
[BlackElo "2399"]
[PlyCount "90"]
[EventDate "2001.07.28"]
[EventType "swiss"]
[EventRounds "6"]
[EventCountry "FRA"]
[SourceTitle "EXT 2005"]
[Source "ChessBase"]
[SourceDate "2004.11.15"]
[SourceVersion "1"]
[SourceVersionDate "2004.11.15"]
[SourceQuality "1"]

1. d4 c5 2. d5 e6 3. e4 d6 4. Nc3 Nf6 5. Bb5+ Nbd7 6. a4 e5 7. Nf3 Be7 8. 0-0 0-0 9. Re1 Ne8 10. Bf1 g6 11. Bh6 Ng7 12. Nd2 Nf6 13. h3 Kh8 14. Nc4 Ng8 15. Bxg7+ Kxg7 16. Nb1 f5 17. exf5 gxf5 18. Nbd2 Nf6 19. Nf3 Ne8 20. Ra3 Bf6 21. Nh2 Kh8 22. g3 b6 23. Bg2 Rb8 24. Rae3 a6 25. c3 b5 26. axb5 axb5 27. Nd2 Bg7 28. f4 e4 29. g4 Nf6 30. Ndf1 Bb7 31. gxf5 Nxd5 32. Rxe4 b4 33. cxb4 Nxb4 34. Re7 Bxg2 35. Kxg2 Nc6 36. R7e2 Nd4 37. Rd2 Rxf5 38. Rf2 Qf8 39. Qg4 Rf6 40. Kh1 Rg6 41. Qd7 Bf6 42. Nf3 Rg7 43. Qa4 Qf7 44. N1h2 Rg3 45. Ng1 Qb7+ 0-1

[Event "Oz.com qual blitz"]
[Site "ICC INT"]
[Date "2000.03.05"]
[Round "9"]
[White "Montero, Cesar Abraham"]
[Black "Sebban, Jean Paul"]
[Result "1-0"]
[WhiteElo "2140"]
[BlackElo "2180"]
[PlyCount "113"]
[EventDate "2000.03.05"]
[EventType "swiss (blitz)"]
[EventRounds "9"]
[EventCountry "USA"]
[SourceTitle "EXT 2001"]
[Source "ChessBase"]
[SourceDate "2000.11.22"]
[SourceVersion "1"]
[SourceVersionDate "2000.11.22"]
[SourceQuality "1"]

1. e4 e6 2. d4 d5 3. e5 c5 4. Nf3 Nc6 5. Bd3 Bd7 6. 0-0 cxd4 7. a3 a5 8. Bf4 Bc5 9. Nbd2 Nge7 10. Qe2 Ng6 11. Bg3 f5 12. h4 0-0 13. h5 Nh8 14. Bh4 Be7 15. Bxe7 Qxe7 16. Nb3 Nf7 17. Rfe1 Ng5 18. Nfxd4 Nxd4 19. Nxd4 f4 20. Qg4 f3 21. Re3 fxg2 22. Kxg2 h6 23. f4 Ne4 24. Rxe4 dxe4 25. Bxe4 Rad8 26. c3 b5 27. Rf1 b4 28. axb4 axb4 29. Kg3 bxc3 30. bxc3 Rc8 31. Rf3 Be8 32. Qxe6+ Qxe6 33. Nxe6 Bxh5 34. Rd3 Rfe8 35. Bd5 Bf7 36. f5 g6 37. Kf4 gxf5 38. Kxf5 Kh7 39. c4 Bxe6+ 40. Bxe6 Rf8+ 41. Ke4 Rce8 42. Rd7+ Kg6 43. Bh3 Rf7 44. Rd6+ Kg5 45. c5 Rfe7 46. e6 Kf6 47. Kd5 Ra8 48. Rd7 Ra1 49. Bg4 Ra2 50. c6 Rd2+ 51. Kc5 Rexd7 52. exd7 Ke7 53. c7 Rc2+ 54. Kb6 Rb2+ 55. Ka5 Ra2+ 56. Kb4 Rb2+ 57. Kc3 1-0

[Event "Oz.com qual blitz"]
[Site "ICC INT"]
[Date "2000.03.05"]
[Round "5"]
[White "Sebban, Jean Paul"]
[Black "Adla, Diego Gustavo"]
[Result "0-1"]
[WhiteElo "2180"]
[BlackElo "2492"]
[PlyCount "78"]
[EventDate "2000.03.05"]
[EventType "swiss (blitz)"]
[EventRounds "9"]
[EventCountry "USA"]
[SourceTitle "EXT 2001"]
[Source "ChessBase"]
[SourceDate "2000.11.22"]
[SourceVersion "1"]
[SourceVersionDate "2000.11.22"]
[SourceQuality "1"]

1. d4 d5 2. c4 dxc4 3. Nf3 Nf6 4. Nc3 a6 5. e4 b5 6. e5 Nd5 7. a4 Nxc3 8. bxc3 Qd5 9. g3 Bb7 10. Bg2 Qd7 11. Ba3 g6 12. 0-0 Bg7 13. Re1 0-0 14. e6 fxe6 15. Ne5 Qc8 16. Bxe7 Re8 17. Bg5 Bxg2 18. Kxg2 Qb7+ 19. Kg1 Qd5 20. axb5 axb5 21. Rxa8 Qxa8 22. Qg4 Qd5 23. h4 Nd7 24. Nxd7 Qxd7 25. h5 Qf7 26. h6 Bh8 27. Qe4 Qd7 28. f4 c5 29. d5 Bxc3 30. dxe6 Qd3 31. Qxd3 cxd3 32. Rd1 c4 33. e7 Kf7 34. Kf2 Ra8 35. g4 b4 36. f5 gxf5 37. gxf5 b3 38. Kf3 b2 39. Rg1 Ra1 0-1

[Event "FRA-chT2S 9899"]
[Site "France"]
[Date "1999.??.??"]
[Round "8"]
[White "Kleinplatz, Sam"]
[Black "Sebban, Jean Paul"]
[Result "0-1"]
[WhiteElo "2325"]
[BlackElo "2169"]
[PlyCount "76"]
[EventDate "1998.??.??"]
[EventType "team-tourn"]
[EventRounds "9"]
[EventCountry "FRA"]
[SourceTitle "EXT 2002"]
[Source "ChessBase"]
[SourceDate "2001.11.25"]
[SourceVersion "1"]
[SourceVersionDate "2001.11.25"]
[SourceQuality "1"]

1. d4 e6 2. c4 f5 3. g3 Nf6 4. Bg2 d5 5. Nc3 c6 6. Nf3 Bd6 7. Bf4 Bxf4 8. gxf4 0-0 9. e3 Nbd7 10. 0-0 Qe7 11. a3 Ne4 12. Rc1 Ndf6 13. Qe1 Bd7 14. Ne5 Nxc3 15. Rxc3 Be8 16. f3 Nd7 17. b4 Nxe5 18. fxe5 a5 19. b5 dxc4 20. bxc6 Bxc6 21. Qe2 b5 22. f4 Bd5 23. e4 fxe4 24. Bxe4 Qb7 25. Bb1 g6 26. Rg3 Kh8 27. h4 Rg8 28. Ba2 Rac8 29. Rc1 Qf7 30. Rb1 Qxf4 31. Rg4 Qf3 32. Qxf3 Bxf3 33. Rg3 Bd5 34. Rc3 Rb8 35. a4 b4 36. Rxc4 b3 37. Rxb3 Bxc4 38. Rxb8 Bxa2 0-1

[Event "FRA-chT2S 9899"]
[Site "France"]
[Date "1999.??.??"]
[Round "5"]
[White "Sebban, Jean Paul"]
[Black "Bes, Stephane"]
[Result "1/2-1/2"]
[WhiteElo "2169"]
[BlackElo "2183"]
[PlyCount "35"]
[EventDate "1998.??.??"]
[EventType "team-tourn"]
[EventRounds "9"]
[EventCountry "FRA"]
[SourceTitle "EXT 2002"]
[Source "ChessBase"]
[SourceDate "2001.11.25"]
[SourceVersion "1"]
[SourceVersionDate "2001.11.25"]
[SourceQuality "1"]

1. d4 Nf6 2. Nf3 e6 3. Bg5 d5 4. Nbd2 Nbd7 5. e3 Be7 6. Bd3 c5 7. c3 a6 8. 0-0 b6 9. Ne5 Nxe5 10. dxe5 Nd7 11. Bxe7 Qxe7 12. f4 Bb7 13. Qe2 0-0 14. Nf3 f6 15. exf6 Nxf6 16. Ne5 Nd7 17. Nxd7 Qxd7 18. e4 1/2-1/2

[Event "FRA-chT2S 9798"]
[Site "France"]
[Date "1998.??.??"]
[Round "5"]
[White "Libiszewski, Fabien"]
[Black "Sebban, Jean Paul"]
[Result "1/2-1/2"]
[WhiteElo "2215"]
[BlackElo "2170"]
[PlyCount "48"]
[EventDate "1997.??.??"]
[EventType "team-tourn"]
[EventRounds "9"]
[EventCountry "FRA"]
[SourceTitle "EXT 2003"]
[Source "ChessBase"]
[SourceDate "2002.11.25"]
[SourceVersion "1"]
[SourceVersionDate "2002.11.25"]
[SourceQuality "1"]

1. e4 e6 2. d4 d5 3. e5 c5 4. c3 Nc6 5. Nf3 Bd7 6. Be2 f6 7. 0-0 cxd4 8. cxd4 fxe5 9. Nxe5 Nxe5 10. dxe5 Bc5 11. Qd3 Ne7 12. Be3 Bxe3 13. Qxe3 Nf5 14. Qd2 Qb6 15. Nc3 Qd4 16. Qxd4 Nxd4 17. Bd3 0-0 18. f4 g6 19. g4 b5 20. Rac1 b4 21. Ne2 Nxe2+ 22. Bxe2 Rac8 23. Rxc8 Rxc8 24. Bd3 Rc5 1/2-1/2

[Event "FRA-chT2S 9798"]
[Site "France"]
[Date "1998.??.??"]
[Round "10"]
[White "Sebban, Jean Paul"]
[Black "Olivier, Jean Christophe"]
[Result "1/2-1/2"]
[WhiteElo "2170"]
[BlackElo "2360"]
[PlyCount "61"]
[EventDate "1997.??.??"]
[EventType "team-tourn"]
[EventRounds "9"]
[EventCountry "FRA"]
[SourceTitle "EXT 2003"]
[Source "ChessBase"]
[SourceDate "2002.11.25"]
[SourceVersion "1"]
[SourceVersionDate "2002.11.25"]
[SourceQuality "1"]

1. d4 Nf6 2. c4 e6 3. Nf3 c5 4. d5 exd5 5. cxd5 d6 6. Nc3 g6 7. Nd2 Nbd7 8. Nc4 Nb6 9. e4 Nxc4 10. Bxc4 Bg7 11. Bg5 h6 12. Bh4 0-0 13. 0-0 g5 14. Bg3 Ng4 15. Be2 Ne5 16. f4 gxf4 17. Bxf4 Bd7 18. Qd2 Kh7 19. Nd1 b5 20. Ne3 c4 21. a4 Qb6 22. Kh1 Ng6 23. axb5 Qd4 24. Qxd4 Bxd4 25. Nxc4 Nxf4 26. Rxf4 Bxb5 27. Raf1 Bxc4 28. Bxc4 Bxb2 29. Rxf7+ Rxf7 30. Rxf7+ Kg6 31. Rf1 1/2-1/2

[Event "FRA-chT2S 9798"]
[Site "France"]
[Date "1998.??.??"]
[Round "7"]
[White "Sebban, Jean Paul"]
[Black "Orlandi, Xavier"]
[Result "1-0"]
[WhiteElo "2170"]
[BlackElo "2100"]
[PlyCount "91"]
[EventDate "1997.??.??"]
[EventType "team-tourn"]
[EventRounds "9"]
[EventCountry "FRA"]
[SourceTitle "EXT 2003"]
[Source "ChessBase"]
[SourceDate "2002.11.25"]
[SourceVersion "1"]
[SourceVersionDate "2002.11.25"]
[SourceQuality "1"]

1. d4 Nf6 2. c4 e5 3. dxe5 Ne4 4. Qc2 d5 5. exd6 Bf5 6. Nc3 Nxd6 7. e4 Be6 8. b3 Nc6 9. Nf3 Qf6 10. Bb2 Qg6 11. 0-0-0 Qh5 12. Nd5 0-0-0 13. a3 f6 14. Bd3 Bg4 15. Be2 Qe8 16. Nc3 Be7 17. Rhe1 Qf8 18. Nd5 Nf7 19. Nxe7+ Qxe7 20. h3 Bh5 21. Nh4 Bxe2 22. Qxe2 Rxd1+ 23. Rxd1 Nd6 24. Qg4+ Kb8 25. Nf5 Qxe4 26. Nxd6 Qxg4 27. hxg4 cxd6 28. Rxd6 Kc7 29. Re6 Kd7 30. Re3 Kc7 31. g5 fxg5 32. Bxg7 Rg8 33. Bc3 Rf8 34. f3 Rf5 35. Re4 Kd7 36. b4 a6 37. Kd2 h5 38. Ke2 Kd6 39. g3 Rf7 40. Bd2 Rf5 41. Bc3 b6 42. Re8 h4 43. gxh4 gxh4 44. Rh8 Rf4 45. Rh6+ Kd7 46. b5 1-0

[Event "Cannes op-B 18th"]
[Site "Cannes"]
[Date "1997.??.??"]
[Round "2"]
[White "Sebban, Jean Paul"]
[Black "Maes, Wim"]
[Result "1/2-1/2"]
[WhiteElo "2150"]
[BlackElo "2285"]
[PlyCount "74"]
[EventDate "1997.02.22"]
[EventType "swiss"]
[EventRounds "9"]
[EventCountry "FRA"]
[SourceTitle "CBM 057 Extra"]
[Source "ChessBase"]
[SourceDate "1997.05.01"]
[SourceVersion "1"]
[SourceVersionDate "1997.05.01"]
[SourceQuality "1"]

1. e4 c5 2. Nf3 e6 3. d4 cxd4 4. Nxd4 Nc6 5. Nc3 Qc7 6. Be3 a6 7. Bd3 Nf6 8. 0-0 Ne5 9. h3 Bc5 10. Kh1 d6 11. f4 Ng6 12. a3 0-0 13. Qe1 b5 14. b4 Bb6 15. a4 e5 16. fxe5 dxe5 17. Rxf6 Bxd4 18. Nd5 Qd8 19. Bxd4 exd4 20. Rxg6 hxg6 21. axb5 Bb7 22. bxa6 Bxd5 23. exd5 Re8 24. Qf2 Qxd5 25. Ra5 Qd6 26. Bc4 Ra7 27. Rd5 Qxb4 28. Rxd4 Qb1+ 29. Kh2 Qb8+ 30. Qg3 Qc8 31. Rf4 Qc5 32. Qf2 Qe5 33. Qg3 Rc7 34. Bd3 Rce7 35. Rf1 Qc5 36. Qf2 Qc7+ 37. Qf4 Qc5 1/2-1/2

[Event "Cannes op-B 18th"]
[Site "Cannes"]
[Date "1997.??.??"]
[Round "1"]
[White "Velcheva, Maria"]
[Black "Sebban, Jean Paul"]
[Result "1/2-1/2"]
[WhiteElo "2285"]
[BlackElo "2150"]
[PlyCount "84"]
[EventDate "1997.02.22"]
[EventType "swiss"]
[EventRounds "9"]
[EventCountry "FRA"]
[SourceTitle "CBM 057 Extra"]
[Source "ChessBase"]
[SourceDate "1997.05.01"]
[SourceVersion "1"]
[SourceVersionDate "1997.05.01"]
[SourceQuality "1"]

1. e4 e6 2. d4 d5 3. Nd2 Nf6 4. e5 Nfd7 5. c3 c5 6. f4 Nc6 7. Ndf3 Qb6 8. a3 a5 9. b3 cxd4 10. cxd4 Be7 11. h4 f6 12. Bd3 Nf8 13. g4 Bd7 14. Ne2 Na7 15. Nc3 Nb5 16. Na4 Qa7 17. Bb2 Ng6 18. Qd2 fxe5 19. Bxg6+ hxg6 20. fxe5 0-0-0 21. Rc1+ Kb8 22. Nc5 Bc8 23. a4 Nc7 24. Nd3 Na6 25. g5 Qb6 26. Qd1 Rdf8 27. 0-0 Rf7 28. Bc3 Bd7 29. Kg2 Qd8 30. Qd2 b6 31. Rh1 Rhf8 32. Rcf1 Rf5 33. Rf2 R8f7 34. Rhf1 Qh8 35. Kg3 Qh5 36. Nh2 Bxg5 37. hxg5 Rxg5+ 38. Qxg5 Qxg5+ 39. Ng4 Rf5 40. Bd2 Qe7 41. Nf4 Qa3 42. Rf3 Qb2 1/2-1/2

[Event "Cannes Martinez op"]
[Site "Cannes"]
[Date "1996.??.??"]
[Round "2"]
[White "Carlhammar, Magnus"]
[Black "Sebban, Jean Paul"]
[Result "1-0"]
[WhiteElo "2310"]
[BlackElo "2120"]
[PlyCount "81"]
[EventDate "1996.08.??"]
[EventType "swiss"]
[EventRounds "9"]
[EventCountry "FRA"]
[SourceTitle "EXT 1998"]
[Source "ChessBase"]
[SourceDate "1997.11.17"]
[SourceVersion "1"]
[SourceVersionDate "1997.11.17"]
[SourceQuality "1"]

1. Nf3 e6 2. g3 b6 3. Bg2 Bb7 4. 0-0 Nf6 5. c4 c5 6. b3 Be7 7. Bb2 0-0 8. e3 Nc6 9. Qe2 d5 10. Rd1 Qc7 11. Nc3 Rac8 12. cxd5 Nxd5 13. Nxd5 exd5 14. d4 Rfd8 15. Rac1 Nb4 16. Bh3 Ra8 17. Bc3 Ba6 18. Qd2 Nd3 19. Bf1 Nxc1 20. Bxa6 cxd4 21. Nxd4 Ba3 22. Bb2 Bxb2 23. Qxb2 Rac8 24. Bxc8 Rxc8 25. Nf5 Qc3 26. Qxc3 Rxc3 27. Rxd5 h6 28. Rd8+ Kh7 29. Rd7 Kg6 30. Ne7+ Kg5 31. Nd5 Rd3 32. e4 Kg4 33. Kg2 Kg5 34. Rxf7 Kg6 35. Rxa7 Rd2 36. Nf4+ Kh7 37. Ne6 Nxa2 38. Rxg7+ Kh8 39. Rf7 Rb2 40. Nf4 Rxb3 41. e5 1-0